Espagnol- Présent de l’indicatif - Statistiques

Statistiques générales
  • Ce quiz a été pris 1 848 fois
  • Le résultat moyen est 41 sur 48
Statistiques - réponses
Pronoms personnels Verbes % Correct
el/ ella/ usted pone
94%
el/ ella/ usted hace
93%
tu pones
93%
tu haces
92%
vosotros ponéis
92%
nosotros ponemos
92%
elles/ellas/ ustedes ponen
92%
yo tengo
92%
vosotros hacéis
91%
nosotros hacemos
91%
ellos/ ellas/ ustedes hacen
91%
el/ ella/ usted tiene
91%
el/ ella/ usted sale
90%
tu sales
90%
vosotros tenéis
90%
nosotros tenemos
90%
tu tienes
90%
yo pongo
89%
ellos/ ellas/ ustedes salen
88%
ellos/ ellas/ ustedes tienen
88%
yo hago
87%
el/ ella/ usted trae
87%
tu traes
86%
el/ ella/ usted cae
85%
tu caes
85%
nosotros traemos
85%
ellos/ ellas/ ustedes traen
85%
ellos/ ellas/ ustedes caen
84%
yo salgo
84%
vosotros traéis
84%
yo vengo
84%
vosotros caéis
83%
nosotros caemos
83%
nosotros salimos
83%
el/ ella/ usted viene
83%
tu vienes
82%
nosotros decimos
81%
vosotros salís
81%
el/ ella/ usted dice
80%
tu dices
80%
ellos/ ellas/ ustedes vienen
79%
yo digo
78%
vosotros decís
77%
ellos/ ellas/ ustedes dicen
77%
nosotros venimos
77%
vosotros venís
76%
yo traigo
63%
yo caigo
62%
Aucun quiz correspondant
Distribution des résultats
% des personnes avec chaque résultat
Percentile par nombre de réponses
Votre historique - résultats
Vous n’avez pas pris ce quiz